| 000 | 00827nam a22002411i 4500 | ||
|---|---|---|---|
| 001 | 134180 | ||
| 003 | ES-MaACL | ||
| 005 | 20260215184531.0 | ||
| 007 | t| | ||
| 008 | 070906m19191921fr ||||0| fre d | ||
| 016 | 7 | _zIND2000943749 | |
| 040 |
_aM-BN _bspa _cCDM |
||
| 100 | 1 |
_aWeyl, Theodor, _d1851-1913 _9152991 |
|
| 245 | 1 | 4 |
_aLes méthodes de la chimie organique _b: traité concernant les travaux de laboratoire / _cpar le Dr. Th. Weyl... ; traduit et augmenté par R. Cornubert... ; préface de A. Haller. |
| 250 | _a2e éd. | ||
| 260 |
_aParis : _bDunod, _c1919-1921. |
||
| 300 |
_a4 v. : _bil ; _c28 cm. |
||
| 650 | 7 |
_aQuímica orgánica _2embne _9136799 |
|
| 700 | 1 |
_aCornubert, R. _940640 |
|
| 700 | 1 |
_aHaller, Albin, _d1849-1925 _961592 |
|
| 852 |
_aES-MaACL _jB-3856-59 |
||
| 999 |
_c134180 _d134180 |
||